Score 0/92 Timer 04:00
5 Plays Today
% Correct
I
98.2%
I
98.2%
I
98.2%
I
98.2%
I
98.2%
I
98.2%
the
96.6%
the
96.6%
the
96.6%
the
96.6%
the
96.6%
you
94.5%
you
94.5%
you
94.5%
you
94.5%
you
94.5%
you
94.5%
you
94.5%
you
94.5%
a
91.9%
In
90.6%
in
90.6%
know,
89.5%
know,
89.5%
know,
89.5%
know,
89.5%
know,
89.5%
know.
89.5%
know,
89.5%
know.
89.5%
know,
89.5%
% Correct
know.
89.5%
know,
89.5%
know.
89.5%
not
87.4%
not
87.4%
I'm
85.4%
I'm
85.4%
to
83.3%
to
83.3%
to
83.3%
to
83.3%
to
83.3%
that
83%
truth.
82.1%
telling
81.6%
psych
76.2%
of
74%
out
73.9%
have
73.3%
end.
73.2%
don't
72.4%
any
70.7%
between
67.9%
Your
67.8%
lines
67.4%
there's
67.4%
just
66.9%
they
65.6%
proof.
64.8%
it's
63.6%
inclined
63.2%
% Correct
maturity.
63.1%
obscurity.
63.1%
all
63%
If
62.3%
lot
62.2%
Why
61.8%
when
61.7%
how
61.2%
song?
59.3%
wrong.
59.1%
then
58.9%
same
58.8%
resign
58.5%
Learn
58.2%
run
57.4%
worst
57.2%
damn
56.6%
bend.
56.5%
around
55.7%
crawl.
54.9%
alright,
53%
deception.
52.6%
you're
52.1%
can't
51.4%
rather
49.1%
bounce
46.8%
inhibitions
44.1%
You'd
43.9%
tend
36.5%
Embrace
35.4%
Remove Ads.
Support Sporcle.
Get the best of Sporcle when you Go Orange. This ad-free experience offers more features, more stats, and more fun while also helping to support Sporcle. Thank you for becoming a member.

You're not logged in!

Compare scores with friends on all Sporcle quizzes.
OR
Log In

Show Comments

Extras

Top Quizzes Today


Score Distribution

Your Account Isn't Verified!

In order to create a playlist on Sporcle, you need to verify the email address you used during registration. Go to your Sporcle Settings to finish the process.

Report this User

Report this user for behavior that violates our Community Guidelines.

Details: